| 000 | 00503cam a2200169 a 4500 | ||
|---|---|---|---|
| 001 | 000003765 | ||
| 005 | 20200929150548.0 | ||
| 008 | 730227s1936 nyub 000 1 eng | ||
| 040 |
_aDO-SdBNP _bspa _cBNPHU |
||
| 082 |
_a823.54 _bF263a |
||
| 100 | 1 |
_aFaulkner, William, _d1897-1962. _99781 |
|
| 245 | 1 | 0 | _aAbsalom, Absalom! |
| 260 |
_aNew York : _bThe modern library, _c1936. |
||
| 300 |
_a384 p. : _bfold. map. ; _c21 cm. |
||
| 650 | 4 |
_aNovela estadounidense _9262 |
|
| 650 | 4 |
_aLiteratura estadounidense _9263 |
|
| 999 |
_c3587 _d3587 |
||